| 000 | 00815nam a22002537a 4500 | ||
|---|---|---|---|
| 001 | 148 | ||
| 003 | FISKH | ||
| 005 | 20230301105024.0 | ||
| 008 | 230301b cb ||||| |||| 00| 0 eng d | ||
| 020 | _a9780545389662 | ||
| 040 |
_aFISKH _cFISKH |
||
| 050 | _aPZ7 | ||
| 082 | _a813.6 | ||
| 100 | _aHarrington, Kim | ||
| 245 |
_asleuth or dare / _bFramed & Dangerous _cKim Harrington |
||
| 260 |
_aNew York _bScholastic _c2012 |
||
| 300 |
_a176 p. _c20 cm. |
||
| 490 |
_asleuth or dare _vv. 3 |
||
| 505 | _aK | ||
| 520 | _aHappily accepting a case from her crush Zane, who has been wrongly accused of stealing money from the school store, Norah and her best friend, Darcy, resolve to prove his innocence in spite of the principal's opinions. | ||
| 521 | 8 |
_a580 _bLexile |
|
| 521 | 8 |
_aK _bRaz-Pas |
|
| 942 |
_2ddc _cBK _n0 |
||
| 999 |
_c148 _d148 |
||